[Event "ABC 2024 Utrecht, Groep B"]
[Site "Utrecht"]
[Date "2024.03.10"]
[Round "7.8"]
[White "Darie, Aden"]
[Black "Pathak, Raghav"]
[Result "0-1"]
[WhiteElo "1900"]
[BlackElo "1960"]

1. e4 {[%clk 00:55:18]} c6 {[%clk 00:54:30]} {[%emt 00:00:51]} 2. d4 {[%clk
00:55:23]} {[%emt 00:00:04]} d5 {[%clk 00:54:37]} {[%emt 00:00:04]} 3. e5
{[%clk 00:55:29]} {[%emt 00:00:04]} Bf5 {[%clk 00:54:45]} {[%emt 00:00:03]} 4.
h4 {[%clk 00:55:31]} {[%emt 00:00:06]} h5 {[%clk 00:54:51]} {[%emt 00:00:05]} 5.
Bd3 {[%clk 00:55:36]} {[%emt 00:00:04]} Bxd3 {[%clk 00:54:55]} {[%emt
00:00:06]} 6. Qxd3 {[%clk 00:55:40]} {[%emt 00:00:05]} e6 {[%clk 00:55:02]}
{[%emt 00:00:04]} 7. Nf3 {[%clk 00:55:27]} {[%emt 00:00:22]} Nd7 {[%clk
00:54:50]} {[%emt 00:00:23]} 8. b3 {[%clk 00:55:29]} {[%emt 00:00:07]} c5
{[%clk 00:54:33]} {[%emt 00:00:29]} 9. Ba3 {[%clk 00:55:05]} {[%emt 00:00:31]}
Qa5+ {[%clk 00:53:58]} {[%emt 00:00:48]} 10. c3 {[%clk 00:54:29]} {[%emt
00:00:44]} c4 {[%clk 00:53:57]} {[%emt 00:00:13]} 11. b4 {[%clk 00:54:11]}
{[%emt 00:00:28]} Qxa3 {[%clk 00:54:03]} {[%emt 00:00:05]} 12. Nxa3 {[%clk
00:54:15]} {[%emt 00:00:05]} cxd3 {[%clk 00:54:03]} {[%emt 00:00:10]} 13. Kd2
{[%clk 00:54:18]} {[%emt 00:00:07]} Nb6 {[%clk 00:53:43]} {[%emt 00:00:30]} 14.
Kxd3 {[%clk 00:54:18]} {[%emt 00:00:10]} Rc8 {[%clk 00:52:56]} {[%emt
00:00:57]} 15. Rhb1 {[%clk 00:52:41]} {[%emt 00:01:47]} Nh6 {[%clk 00:52:45]}
{[%emt 00:00:20]} 16. Nc2 {[%clk 00:52:30]} {[%emt 00:00:21]} Be7 {[%clk
00:52:37]} {[%emt 00:00:18]} 17. a4 {[%clk 00:52:33]} {[%emt 00:00:07]} O-O
{[%clk 00:52:27]} {[%emt 00:00:20]} 18. a5 {[%clk 00:52:37]} {[%emt 00:00:07]}
Nd7 {[%clk 00:52:19]} {[%emt 00:00:18]} 19. b5 {[%clk 00:52:42]} {[%emt
00:00:04]} Ng4 {[%clk 00:52:15]} {[%emt 00:00:15]} 20. Rf1 {[%clk 00:52:35]}
{[%emt 00:00:15]} a6 {[%clk 00:52:02]} {[%emt 00:00:24]} 21. Rab1 {[%clk
00:52:31]} {[%emt 00:00:15]} f6 {[%clk 00:51:44]} {[%emt 00:00:28]} 22. exf6
{[%clk 00:52:34]} {[%emt 00:00:07]} Ngxf6 {[%clk 00:51:45]} {[%emt 00:00:09]}
23. Ng5 {[%clk 00:52:35]} {[%emt 00:00:09]} Ne4 {[%clk 00:51:38]} {[%emt
00:00:17]} 24. Nxe4 {[%clk 00:52:10]} {[%emt 00:00:35]} dxe4+ {[%clk 00:51:43]}
{[%emt 00:00:06]} 25. Kxe4 {[%clk 00:52:15]} {[%emt 00:00:04]} Rxc3 {[%clk
00:51:44]} {[%emt 00:00:08]} 26. Ne3 {[%clk 00:51:55]} {[%emt 00:00:30]} Bd6
{[%clk 00:51:10]} {[%emt 00:00:44]} 27. d5 {[%clk 00:51:58]} {[%emt 00:00:08]}
Rf4# {[%clk 00:51:03]} {[%emt 00:00:17]} 0-1

[Event "ABC 2024 Utrecht, Groep B"]
[Site "Utrecht"]
[Date "2024.03.10"]
[Round "7.9"]
[White "Van Haaften, Jelle"]
[Black "Heus, Daan"]
[Result "1-0"]
[WhiteElo "1750"]
[BlackElo "1936"]

1. c4 {[%clk 00:55:18]} {[%emt 00:00:02]} e6 {[%clk 00:55:15]} {[%emt
00:00:05]} 2. Nc3 {[%clk 00:55:23]} {[%emt 00:00:05]} d5 {[%clk 00:55:07]}
{[%emt 00:00:19]} 3. e3 {[%clk 00:55:28]} {[%emt 00:00:04]} Nf6 {[%clk
00:55:00]} {[%emt 00:00:17]} 4. Nf3 {[%clk 00:55:31]} {[%emt 00:00:06]} a6
{[%clk 00:54:12]} {[%emt 00:01:00]} 5. b3 {[%clk 00:55:34]} {[%emt 00:00:06]}
Be7 {[%clk 00:54:02]} {[%emt 00:00:19]} 6. Bb2 {[%clk 00:55:39]} {[%emt
00:00:06]} O-O {[%clk 00:53:56]} {[%emt 00:00:16]} 7. Be2 {[%clk 00:55:43]}
{[%emt 00:00:05]} c5 {[%clk 00:53:33]} {[%emt 00:00:33]} 8. cxd5 {[%clk
00:54:19]} {[%emt 00:01:35]} exd5 {[%clk 00:53:00]} {[%emt 00:00:43]} 9. d4
{[%clk 00:54:15]} {[%emt 00:00:13]} b6 {[%clk 00:52:25]} {[%emt 00:00:45]} 10.
O-O {[%clk 00:54:08]} {[%emt 00:00:14]} Bb7 {[%clk 00:52:05]} {[%emt 00:00:35]}
11. Rc1 {[%clk 00:52:44]} {[%emt 00:01:33]} Nbd7 {[%clk 00:51:51]} {[%emt
00:00:24]} 12. dxc5 {[%clk 00:51:00]} {[%emt 00:01:54]} Nxc5 {[%clk 00:50:50]}
{[%emt 00:01:11]} 13. Nd4 {[%clk 00:50:38]} {[%emt 00:00:32]} Rc8 {[%clk
00:50:00]} {[%emt 00:01:00]} 14. Bf3 {[%clk 00:49:05]} {[%emt 00:01:42]} Nce4
{[%clk 00:49:11]} {[%emt 00:00:59]} 15. Qd3 {[%clk 00:44:37]} {[%emt 00:04:38]}
Re8 {[%clk 00:46:45]} {[%emt 00:02:36]} 16. Rfd1 {[%clk 00:43:26]} {[%emt
00:01:21]} Bb4 {[%clk 00:45:07]} {[%emt 00:01:48]} 17. Nce2 {[%clk 00:41:25]}
{[%emt 00:02:11]} Qd7 {[%clk 00:42:06]} {[%emt 00:03:12]} 18. Rxc8 {[%clk
00:40:29]} {[%emt 00:01:06]} Rxc8 {[%clk 00:41:41]} {[%emt 00:00:35]} 19. Rc1
{[%clk 00:40:26]} {[%emt 00:00:13]} Rxc1+ {[%clk 00:41:14]} {[%emt 00:00:36]}
20. Bxc1 {[%clk 00:39:55]} {[%emt 00:00:41]} Be1 {[%clk 00:36:54]} {[%emt
00:04:31]} 21. Bxe4 {[%clk 00:37:45]} {[%emt 00:02:20]} Nxe4 {[%clk 00:35:48]}
{[%emt 00:01:16]} 22. f3 {[%clk 00:37:20]} {[%emt 00:00:35]} Nc5 {[%clk
00:34:33]} {[%emt 00:01:24]} 23. Qc2 {[%clk 00:36:32]} {[%emt 00:00:57]} Bh4
{[%clk 00:33:53]} {[%emt 00:00:51]} 24. Nf5 {[%clk 00:34:21]} {[%emt 00:02:19]}
Bf6 {[%clk 00:33:08]} {[%emt 00:00:58]} 25. Ba3 {[%clk 00:33:05]} {[%emt
00:01:25]} Ne6 {[%clk 00:28:21]} {[%emt 00:04:57]} 26. Bb2 {[%clk 00:30:41]}
{[%emt 00:02:35]} Qd8 {[%clk 00:24:25]} {[%emt 00:04:06]} 27. Bxf6 {[%clk
00:30:05]} {[%emt 00:00:46]} Qxf6 {[%clk 00:24:09]} {[%emt 00:00:25]} 28. Nfd4
{[%clk 00:30:05]} {[%emt 00:00:10]} Qe5 {[%clk 00:22:40]} {[%emt 00:01:40]} 29.
Qc3 {[%clk 00:26:56]} {[%emt 00:03:18]} g6 {[%clk 00:20:47]} {[%emt 00:02:04]}
30. Nxe6 {[%clk 00:26:19]} {[%emt 00:00:47]} Qxc3 {[%clk 00:20:13]} {[%emt
00:00:44]} 31. Nxc3 {[%clk 00:25:58]} {[%emt 00:00:30]} fxe6 {[%clk 00:20:18]}
{[%emt 00:00:05]} 32. Na4 {[%clk 00:25:54]} {[%emt 00:00:14]} b5 {[%clk
00:20:04]} {[%emt 00:00:25]} 33. Nc5 {[%clk 00:25:46]} {[%emt 00:00:17]} Bc8
{[%clk 00:20:09]} {[%emt 00:00:06]} 34. b4 {[%clk 00:25:23]} {[%emt 00:00:33]}
e5 {[%clk 00:16:47]} {[%emt 00:03:31]} 35. f4 {[%clk 00:21:34]} {[%emt
00:03:59]} exf4 {[%clk 00:15:59]} {[%emt 00:00:59]} 36. exf4 {[%clk 00:21:28]}
{[%emt 00:00:16]} Kf7 {[%clk 00:15:12]} {[%emt 00:00:57]} 37. Kf2 {[%clk
00:21:29]} {[%emt 00:00:08]} Kf6 {[%clk 00:14:44]} {[%emt 00:00:38]} 38. Ke3
{[%clk 00:19:19]} {[%emt 00:02:21]} Bf5 {[%clk 00:12:37]} {[%emt 00:02:17]} 39.
Nxa6 {[%clk 00:18:27]} {[%emt 00:01:01]} Bb1 {[%clk 00:12:29]} {[%emt
00:00:19]} 40. a3 {[%clk 00:17:59]} {[%emt 00:00:38]} Ba2 {[%clk 00:12:30]}
{[%emt 00:00:08]} 41. Nc5 {[%clk 00:14:15]} {[%emt 00:03:54]} Kf5 {[%clk
00:11:44]} {[%emt 00:00:57]} 42. a4 {[%clk 00:12:51]} {[%emt 00:01:34]} bxa4
{[%clk 00:11:36]} {[%emt 00:00:18]} 43. Nxa4 {[%clk 00:12:38]} {[%emt
00:00:22]} Ke6 {[%clk 00:10:53]} {[%emt 00:00:53]} 44. Nc5+ {[%clk 00:11:58]}
{[%emt 00:00:51]} Kd6 {[%clk 00:10:35]} {[%emt 00:00:28]} 45. Kd4 {[%clk
00:11:34]} {[%emt 00:00:32]} Bc4 {[%clk 00:09:58]} {[%emt 00:00:48]} 46. Nd3
{[%clk 00:11:08]} {[%emt 00:00:32]} Ke6 {[%clk 00:09:22]} {[%emt 00:00:51]} 47.
Ne5 {[%clk 00:09:51]} {[%emt 00:01:26]} Bf1 {[%clk 00:08:34]} {[%emt 00:00:59]}
48. g3 {[%clk 00:09:02]} {[%emt 00:00:59]} Kd6 {[%clk 00:07:30]} {[%emt
00:01:14]} 49. Nf7+ {[%clk 00:07:53]} {[%emt 00:01:18]} Ke7 {[%clk 00:06:04]}
{[%emt 00:01:37]} 50. Ng5 {[%clk 00:07:11]} {[%emt 00:00:50]} h6 {[%clk
00:05:50]} {[%emt 00:00:26]} 51. Nf3 {[%clk 00:06:48]} {[%emt 00:00:31]} Bg2
{[%clk 00:04:32]} {[%emt 00:01:30]} 52. Ne5 {[%clk 00:05:11]} {[%emt 00:01:47]}
Be4 {[%clk 00:04:05]} {[%emt 00:00:37]} 53. b5 {[%clk 00:04:33]} {[%emt
00:00:48]} h5 {[%clk 00:03:35]} {[%emt 00:00:39]} 54. Nc6+ {[%clk 00:03:49]}
{[%emt 00:00:54]} Kd6 {[%clk 00:03:36]} {[%emt 00:00:10]} 55. Ne5 {[%clk
00:03:41]} {[%emt 00:00:18]} Kc7 {[%clk 00:03:29]} {[%emt 00:00:17]} 56. Kc5
{[%clk 00:03:47]} {[%emt 00:00:04]} Kb7 {[%clk 00:03:21]} {[%emt 00:00:16]} 57.
Nf7 {[%clk 00:03:31]} {[%emt 00:00:27]} Kc7 {[%clk 00:03:23]} {[%emt 00:00:09]}
58. b6+ {[%clk 00:03:34]} {[%emt 00:00:07]} Kb7 {[%clk 00:03:31]} {[%emt
00:00:01]} 59. Nd6+ {[%clk 00:03:43]} {[%emt 00:00:02]} Kb8 {[%clk 00:03:19]}
{[%emt 00:00:22]} 60. Nxe4 {[%clk 00:03:50]} {[%emt 00:00:03]} dxe4 {[%clk
00:03:27]} {[%emt 00:00:01]} 61. Kd4 {[%clk 00:04:00]} Kb7 {[%clk 00:03:36]}
{[%emt 00:00:01]} 62. Kxe4 {[%clk 00:04:09]} Kxb6 {[%emt 00:00:03]} 1-0

[Event "ABC 2024 Utrecht, Groep B"]
[Site "Utrecht"]
[Date "2024.03.10"]
[Round "7.10"]
[White "Teianu, Maxim"]
[Black "Haque, Nishaaz"]
[Result "0-1"]
[WhiteElo "1818"]
[BlackElo "1793"]

1. d4 {[%clk 00:55:18]} {[%emt 00:00:01]} d5 {[%clk 00:55:17]} {[%emt
00:00:03]} 2. c4 {[%clk 00:55:24]} {[%emt 00:00:04]} e6 {[%clk 00:55:24]}
{[%emt 00:00:03]} 3. Nf3 {[%clk 00:55:30]} {[%emt 00:00:04]} a6 {[%clk
00:55:31]} {[%emt 00:00:03]} 4. cxd5 {[%clk 00:54:54]} {[%emt 00:00:47]} exd5
{[%clk 00:55:36]} {[%emt 00:00:05]} 5. Nc3 {[%clk 00:54:37]} {[%emt 00:00:26]}
c6 {[%clk 00:55:40]} {[%emt 00:00:06]} 6. Bf4 {[%clk 00:54:39]} {[%emt
00:00:08]} Bd6 {[%clk 00:55:28]} {[%emt 00:00:23]} 7. Bxd6 {[%clk 00:54:42]}
{[%emt 00:00:06]} Qxd6 {[%clk 00:55:33]} {[%emt 00:00:05]} 8. e3 {[%clk
00:54:42]} {[%emt 00:00:10]} Ne7 {[%clk 00:55:33]} {[%emt 00:00:10]} 9. Bd3
{[%clk 00:54:41]} {[%emt 00:00:11]} Bf5 {[%clk 00:55:19]} {[%emt 00:00:24]} 10.
O-O {[%clk 00:54:35]} {[%emt 00:00:16]} Nd7 {[%clk 00:55:11]} {[%emt 00:00:18]}
11. a3 {[%clk 00:54:23]} {[%emt 00:00:22]} O-O {[%clk 00:55:06]} {[%emt
00:00:15]} 12. Qc2 {[%clk 00:53:54]} {[%emt 00:00:39]} Bxd3 {[%clk 00:52:37]}
{[%emt 00:02:39]} 13. Qxd3 {[%clk 00:53:54]} {[%emt 00:00:10]} Rfe8 {[%clk
00:51:59]} {[%emt 00:00:48]} 14. Rfc1 {[%clk 00:53:35]} {[%emt 00:00:29]} Qg6
{[%clk 00:51:17]} {[%emt 00:00:51]} 15. Qxg6 {[%clk 00:53:13]} {[%emt
00:00:33]} hxg6 {[%clk 00:50:54]} {[%emt 00:00:33]} 16. b4 {[%clk 00:53:14]}
{[%emt 00:00:09]} Nf5 {[%clk 00:49:01]} {[%emt 00:02:04]} 17. a4 {[%clk
00:52:45]} {[%emt 00:00:38]} Nf6 {[%clk 00:48:19]} {[%emt 00:00:52]} 18. Ne5
{[%clk 00:52:05]} {[%emt 00:00:50]} Rac8 {[%clk 00:46:40]} {[%emt 00:01:50]} 19.
Rcb1 {[%clk 00:49:37]} {[%emt 00:02:37]} b6 {[%clk 00:45:41]} {[%emt 00:01:09]}
20. Nf3 {[%clk 00:49:16]} {[%emt 00:00:31]} c5 {[%clk 00:42:34]} {[%emt
00:03:18]} 21. bxc5 {[%clk 00:49:14]} {[%emt 00:00:12]} bxc5 {[%clk 00:42:37]}
{[%emt 00:00:06]} 22. dxc5 {[%clk 00:49:20]} {[%emt 00:00:04]} Rxc5 {[%clk
00:42:43]} {[%emt 00:00:05]} 23. Ne2 {[%clk 00:49:23]} {[%emt 00:00:06]} Nd7
{[%clk 00:41:44]} {[%emt 00:01:09]} 24. Rb7 {[%clk 00:48:54]} {[%emt 00:00:39]}
Re7 {[%clk 00:38:54]} {[%emt 00:03:00]} 25. Ned4 {[%clk 00:47:10]} {[%emt
00:01:55]} Ne5 {[%clk 00:38:01]} {[%emt 00:01:03]} 26. Rb8+ {[%clk 00:47:00]}
{[%emt 00:00:20]} Kh7 {[%emt 00:05:59]} 27. Ng5+ Kh6 {[%clk 00:32:10]} {[%emt
00:00:16]} 28. Rh8+ {[%clk 00:46:31]} {[%emt 00:00:45]} Kxg5 {[%clk 00:32:07]}
{[%emt 00:00:13]} 29. f4+ {[%clk 00:46:37]} {[%emt 00:00:04]} Kf6 {[%clk
00:32:03]} {[%emt 00:00:13]} 30. fxe5+ {[%clk 00:46:13]} {[%emt 00:00:35]} Kxe5
{[%clk 00:31:13]} {[%emt 00:01:00]} 31. Nxf5 {[%clk 00:45:31]} {[%emt
00:00:51]} gxf5 {[%clk 00:30:56]} {[%emt 00:00:27]} 32. Kf2 {[%clk 00:45:37]}
{[%emt 00:00:04]} g5 {[%clk 00:30:32]} {[%emt 00:00:35]} 33. Ra2 {[%clk
00:45:13]} {[%emt 00:00:34]} Rec7 {[%clk 00:30:06]} {[%emt 00:00:36]} 34. Re8+
{[%clk 00:44:38]} {[%emt 00:00:44]} Kf6 {[%clk 00:29:51]} {[%emt 00:00:26]} 35.
Ra8 {[%clk 00:44:22]} {[%emt 00:00:26]} Rc2+ {[%clk 00:29:30]} {[%emt
00:00:30]} 36. Rxc2 {[%clk 00:44:28]} {[%emt 00:00:04]} Rxc2+ {[%clk 00:29:36]}
{[%emt 00:00:04]} 37. Kf3 {[%clk 00:44:21]} {[%emt 00:00:17]} Rc6 {[%clk
00:29:42]} {[%emt 00:00:04]} 38. Ra7 {[%clk 00:44:08]} {[%emt 00:00:24]} Ke6
{[%clk 00:29:12]} {[%emt 00:00:40]} 39. h3 {[%clk 00:44:06]} {[%emt 00:00:11]}
f6 {[%clk 00:29:02]} {[%emt 00:00:20]} 40. g4 {[%clk 00:43:46]} {[%emt
00:00:30]} fxg4+ {[%clk 00:29:02]} {[%emt 00:00:10]} 41. hxg4 {[%clk 00:43:47]}
{[%emt 00:00:09]} Kd6 {[%clk 00:28:59]} {[%emt 00:00:11]} 42. Ke2 {[%clk
00:43:21]} {[%emt 00:00:38]} Kc5 {[%clk 00:28:51]} {[%emt 00:00:18]} 43. Kd3
{[%clk 00:43:12]} {[%emt 00:00:20]} Kb4 {[%clk 00:28:44]} {[%emt 00:00:17]} 44.
Rd7 {[%clk 00:43:16]} {[%emt 00:00:06]} Kxa4 {[%clk 00:28:12]} {[%emt
00:00:42]} 45. Rxd5 {[%clk 00:43:18]} {[%emt 00:00:08]} Kb4 {[%clk 00:28:20]}
{[%emt 00:00:02]} 46. Rd8 {[%clk 00:42:54]} {[%emt 00:00:34]} a5 {[%clk
00:27:53]} {[%emt 00:00:36]} 47. Rb8+ {[%clk 00:42:58]} {[%emt 00:00:06]} Ka3
{[%clk 00:27:56]} {[%emt 00:00:08]} 48. Ke4 {[%clk 00:42:28]} {[%emt 00:00:40]}
a4 {[%clk 00:27:10]} {[%emt 00:00:57]} 49. Kd5 {[%clk 00:42:21]} {[%emt
00:00:16]} Ra6 {[%clk 00:26:29]} {[%emt 00:00:51]} 50. e4 {[%clk 00:41:48]}
{[%emt 00:00:42]} Ka2 {[%emt 00:00:15]} 51. Rh8 {[%clk 00:41:43]} {[%emt
00:00:12]} Rb6 {[%clk 00:26:24]} {[%emt 00:00:13]} 52. Kc4 {[%clk 00:41:31]}
{[%emt 00:00:22]} a3 {[%clk 00:26:04]} {[%emt 00:00:31]} 53. Kc3 {[%clk
00:41:31]} {[%emt 00:00:10]} Rc6+ {[%clk 00:25:34]} {[%emt 00:00:39]} 54. Kd2
{[%clk 00:41:23]} {[%emt 00:00:18]} Rd6 {[%clk 00:25:39]} {[%emt 00:00:06]} 55.
Kc2 {[%clk 00:41:25]} {[%emt 00:00:08]} Rd4 {[%clk 00:25:19]} {[%emt 00:00:30]}
56. Kc3 {[%clk 00:38:31]} {[%emt 00:03:04]} Rd1 {[%clk 00:25:16]} {[%emt
00:00:12]} 57. Kc2 {[%clk 00:38:31]} {[%emt 00:00:10]} Rg1 {[%clk 00:25:09]}
{[%emt 00:00:18]} 58. Rh2 {[%clk 00:37:50]} {[%emt 00:00:50]} Ka1 {[%clk
00:24:55]} {[%emt 00:00:23]} 59. Kb3 {[%clk 00:34:58]} {[%emt 00:03:03]} Rg3+
{[%clk 00:25:00]} {[%emt 00:00:05]} 60. Kb4 {[%clk 00:32:56]} {[%emt 00:02:12]}
Kb1 {[%clk 00:23:20]} {[%emt 00:01:50]} 61. Kc4 {[%clk 00:30:31]} {[%emt
00:02:36]} Rxg4 {[%clk 00:22:34]} {[%emt 00:00:55]} 62. Rh1+ {[%clk 00:30:24]}
{[%emt 00:00:17]} Kc2 {[%clk 00:22:39]} {[%emt 00:00:05]} 63. Rh2+ {[%clk
00:30:32]} {[%emt 00:00:02]} Kd1 {[%clk 00:22:29]} {[%emt 00:00:19]} 64. Kd4
{[%clk 00:30:09]} {[%emt 00:00:34]} f5 {[%clk 00:22:15]} {[%emt 00:00:25]} 0-1

[Event "ABC 2024 Utrecht, Groep B"]
[Site "Utrecht"]
[Date "2024.03.10"]
[Round "7.11"]
[White "Ramdien, Steven"]
[Black "Rantz, Thomas"]
[Result "1/2-1/2"]
[WhiteElo "1794"]
[BlackElo "1632"]

1. e4 {[%clk 00:55:18]} {[%emt 00:00:01]} c6 {[%clk 00:55:14]} {[%emt
00:00:07]} 2. d4 {[%clk 00:55:23]} {[%emt 00:00:04]} d5 {[%clk 00:55:10]}
{[%emt 00:00:14]} 3. exd5 {[%clk 00:55:28]} {[%emt 00:00:05]} cxd5 {[%clk
00:55:16]} {[%emt 00:00:05]} 4. Nf3 {[%clk 00:55:31]} {[%emt 00:00:05]} Nf6
{[%clk 00:55:22]} {[%emt 00:00:06]} 5. Bd3 {[%clk 00:55:23]} {[%emt 00:00:16]}
Nc6 {[%clk 00:55:15]} {[%emt 00:00:18]} 6. h3 {[%clk 00:55:14]} {[%emt
00:00:18]} e6 {[%clk 00:54:56]} {[%emt 00:00:30]} 7. Bf4 {[%clk 00:54:43]}
{[%emt 00:00:40]} Bd6 {[%clk 00:55:02]} {[%emt 00:00:05]} 8. Bxd6 {[%clk
00:54:46]} {[%emt 00:00:07]} Qxd6 {[%clk 00:55:10]} {[%emt 00:00:02]} 9. c3
{[%clk 00:54:49]} {[%emt 00:00:07]} O-O {[%clk 00:54:53]} {[%emt 00:00:28]} 10.
O-O {[%clk 00:54:51]} {[%emt 00:00:07]} a6 {[%clk 00:54:41]} {[%emt 00:00:23]}
11. Re1 {[%clk 00:54:49]} {[%emt 00:00:11]} b5 {[%clk 00:52:55]} {[%emt
00:01:56]} 12. Nbd2 {[%clk 00:53:50]} {[%emt 00:01:05]} Bd7 {[%clk 00:51:45]}
{[%emt 00:01:24]} 13. Ne5 {[%clk 00:53:31]} {[%emt 00:00:28]} Na5 {[%clk
00:50:31]} {[%emt 00:01:25]} 14. Ndf3 {[%clk 00:48:46]} {[%emt 00:04:53]} h6
{[%clk 00:50:11]} {[%emt 00:00:32]} 15. Nh2 {[%clk 00:47:47]} {[%emt 00:01:09]}
Nc4 {[%clk 00:49:21]} {[%emt 00:01:00]} 16. Rb1 {[%clk 00:46:20]} {[%emt
00:01:37]} a5 {[%clk 00:43:36]} {[%emt 00:05:56]} 17. Bc2 {[%emt 00:07:11]} Be8
{[%clk 00:39:45]} {[%emt 00:03:37]} 18. Qd3 {[%clk 00:33:11]} {[%emt 00:06:40]}
g6 {[%clk 00:39:05]} {[%emt 00:00:51]} 19. Nhf3 {[%clk 00:27:57]} {[%emt
00:05:23]} Nd7 {[%emt 00:16:07]} 20. h4 {[%clk 00:21:42]} {[%emt 00:06:23]} h5
{[%clk 00:19:24]} {[%emt 00:03:57]} 21. g3 {[%clk 00:16:54]} {[%emt 00:04:58]}
f5 {[%clk 00:17:44]} {[%emt 00:01:51]} 22. Re2 {[%clk 00:15:20]} {[%emt
00:01:42]} Ndxe5 {[%clk 00:14:31]} {[%emt 00:03:24]} 23. Nxe5 {[%clk 00:15:01]}
{[%emt 00:00:30]} Kg7 {[%clk 00:13:03]} {[%emt 00:01:38]} 24. Nxc4 {[%clk
00:08:50]} {[%emt 00:06:21]} bxc4 {[%clk 00:12:42]} {[%emt 00:00:31]} 25. Qd2
{[%clk 00:08:45]} {[%emt 00:00:14]} a4 {[%clk 00:11:40]} {[%emt 00:01:13]} 26.
a3 {[%clk 00:08:06]} {[%emt 00:00:49]} Bd7 {[%clk 00:11:09]} {[%emt 00:00:40]}
27. Re5 {[%clk 00:07:58]} {[%emt 00:00:17]} Ra6 {[%clk 00:09:59]} {[%emt
00:01:21]} 28. Qg5 {[%clk 00:07:34]} {[%emt 00:00:32]} Rf7 {[%clk 00:07:41]}
{[%emt 00:02:30]} 29. g4 {[%clk 00:07:15]} {[%emt 00:00:29]} Qe7 {[%clk
00:05:33]} {[%emt 00:02:18]} 30. gxh5 {[%clk 00:06:52]} {[%emt 00:00:33]} Qxg5+
{[%clk 00:05:34]} {[%emt 00:00:09]} 31. hxg5 {[%clk 00:06:56]} {[%emt
00:00:06]} gxh5 {[%clk 00:05:35]} {[%emt 00:00:10]} 32. f4 {[%clk 00:06:31]}
{[%emt 00:00:35]} Kg6 {[%clk 00:05:29]} {[%emt 00:00:15]} 33. Kf2 {[%clk
00:05:45]} {[%emt 00:00:56]} Rb6 {[%clk 00:05:07]} {[%emt 00:00:33]} 34. Re2
{[%clk 00:04:24]} {[%emt 00:01:29]} Rf8 {[%clk 00:04:40]} {[%emt 00:00:38]} 35.
Bd1 {[%clk 00:04:06]} {[%emt 00:00:28]} Rfb8 {[%clk 00:04:17]} {[%emt
00:00:33]} 36. Kg3 {[%clk 00:04:09]} {[%emt 00:00:07]} Rh8 {[%clk 00:04:15]}
{[%emt 00:00:12]} 37. Rh2 {[%clk 00:04:14]} {[%emt 00:00:05]} Rbb8 {[%clk
00:04:12]} {[%emt 00:00:13]} 38. Bf3 {[%clk 00:03:56]} {[%emt 00:00:29]} Rh7
{[%clk 00:04:17]} {[%emt 00:00:04]} 39. Kh4 {[%clk 00:03:14]} {[%emt 00:00:52]}
Bc6 {[%clk 00:04:16]} {[%emt 00:00:11]} 40. Re2 {[%clk 00:03:15]} {[%emt
00:00:08]} Bd7 {[%clk 00:04:11]} {[%emt 00:00:16]} 41. Re5 {[%clk 00:03:04]}
{[%emt 00:00:21]} Rb5 {[%clk 00:03:48]} {[%emt 00:00:34]} 42. Bd1 {[%clk
00:02:56]} {[%emt 00:00:18]} Rb6 {[%emt 00:00:51]} 1/2-1/2